|
|
|
|
| LEADER |
00000nam0a2200000 4500 |
| 001 |
130072 |
| 005 |
20231031133810.0 |
| 020 |
|
|
|a RU
|b 85-1700
|
| 035 |
|
|
|a (RuTPU)RU\TPU\book\140871
|
| 090 |
|
|
|a 130072
|
| 100 |
|
|
|a 20080130d1984 k y0rusy5003 ca
|
| 101 |
0 |
|
|a rus
|
| 102 |
|
|
|a RU
|
| 105 |
|
|
|a a z 001zy
|
| 200 |
1 |
|
|a Технологическая прочность сварных соединений при низких температурах
|f О. И. Слепцов
|g Академия наук СССР (АН СССР), Сибирское отделение (СО), Институт физико-технических проблем Севера; под ред. В. П. Ларионова
|
| 210 |
|
|
|a Новосибирск
|c Наука
|d 1984
|
| 215 |
|
|
|a 102 с.
|c ил.
|
| 320 |
|
|
|a Библиогр.: с. 92-101.
|
| 610 |
1 |
|
|a сварные соединения
|
| 610 |
1 |
|
|a низкие температуры
|
| 610 |
1 |
|
|a прочность
|
| 610 |
1 |
|
|a трещины
|
| 610 |
1 |
|
|a образование
|
| 610 |
1 |
|
|a водород
|
| 610 |
1 |
|
|a технология
|
| 675 |
|
|
|a 621.791.05
|v 3
|
| 700 |
|
1 |
|a Слепцов
|b О. И.
|g Олег Ивкентьевич
|4 070
|
| 702 |
|
1 |
|a Ларионов
|b В. П.
|4 340
|
| 712 |
0 |
2 |
|a Академия наук СССР (АН СССР)
|b Сибирское отделение
|b Институт физико-химических основ переработки минерального сырья
|2 stltpush
|3 (RuTPU)RU\TPU\col\12495
|
| 712 |
0 |
2 |
|a Академия наук СССР (АН СССР)
|b Сибирское отделение (СО)
|b Институт физики прочности и материаловедения (ИФПМ)
|c (Томск)
|2 stltpush
|3 (RuTPU)RU\TPU\col\11521
|
| 712 |
0 |
2 |
|a Академия наук СССР (АН СССР)
|b Сибирское отделение (СО)
|b Институт физико-технических проблем Севера
|2 stltpush
|3 (RuTPU)RU\TPU\col\13084
|
| 801 |
|
0 |
|a RU
|b RuMRKP
|c 19950704
|g psbo
|
| 801 |
|
1 |
|a RU
|b 63413507
|c 20080130
|g PSBO
|
| 801 |
|
2 |
|a RU
|b 63413507
|c 20150519
|g PSBO
|
| 942 |
|
|
|c BK
|